Social work with children / (Record no. 37559)
[ view plain ]
| 000 -LEADER | |
|---|---|
| fixed length control field | 00749nam a22002177a 4500 |
| 005 - DATE AND TIME OF LATEST TRANSACTION | |
| control field | 20100724141650.0 |
| 010 ## - LCCN (DPL NO) | |
| LC control number | ENG-96475 |
| 020 ## - INTERNATIONAL STANDARD BOOK NUMBER | |
| International Standard Book Number | 9788179102145 |
| Terms of availability | 700.00 |
| 035 ## - SYSTEM CONTROL NUMBER | |
| System control number | EN-80008 |
| 037 ## - SOURCE OF ACQUISITION | |
| Source of stock number/acquisition | DBAD/PUB |
| 082 ## - DEWEY DECIMAL CLASSIFICATION NUMBER | |
| Classification number | 362.7 |
| 100 ## - MAIN ENTRY--PERSONAL NAME | |
| Personal name | Kamble, M.R. |
| 245 ## - TITLE STATEMENT | |
| Title | Social work with children / |
| Statement of responsibility, etc | by M.R Kamble |
| 260 ## - PUBLICATION, DISTRIBUTION, ETC. (IMPRINT) | |
| Place of publication, distribution, etc | Jaipur |
| Name of publisher, distributor, etc | Aavishkar Publishers |
| Date of publication, distribution, etc | 2007 |
| 270 ## - ADDRESS | |
| Address | 807.Vyas Building, Chaura Rasta,Jaipur |
| City | Jaipur |
| Postal code | 302003 |
| 300 ## - PHYSICAL DESCRIPTION | |
| Extent | vi,248p. |
| Dimensions | 23cm (pbk) |
| 500 ## - GENERAL NOTE | |
| General note | Includes bibliographical references and index |
| 700 ## - ADDED ENTRY--PERSONAL NAME | |
| 9 (RLIN) | 1166 |
| 942 ## - ADDED ENTRY ELEMENTS (KOHA) | |
| Source of classification or shelving scheme | Dewey Decimal Classification |
| Item type | English Books |
| Classification part | 362.7 |
| Call number prefix | KAM |
| Withdrawn status | Lost status | Not for loan | Collection code | Home library | Current library | Date acquired | Source of acquisition | Cost, normal purchase price | Full call number | Barcode | Copy number | Cost, replacement price | Koha item type |
|---|---|---|---|---|---|---|---|---|---|---|---|---|---|
| Not For Loan | Fiction | D.B.Act.Division | D.B.Act.Division | 24/07/2010 | DBAD/PUB | 700.00 | 362.7 | EN-80008 | 1 | 700.00 | English Books |
